Southville International School and Colleges
Your cart is empty.
  • Cart
  • Lists
    Public lists list_1 View all
    Your lists Log in to create your own lists
  • Log in to your account
  • Your cookies
  • Search history
Southville International School and Colleges
  • Advanced search
  • Recent comments
  • Most popular
  • Libraries

Log in to your account

Log in with GOOGLE


If you do not have an external account, but do have a local account, you can still log in:

  1. Home
  2. MARC view: Contemporary Filipino composers :
Normal view MARC view ISBD view

Contemporary Filipino composers : (Record no. 292160)

[ view plain ]
MARC details
000 -LEADER
fixed length control field 00537nam a2200205Ia 4500
008 - FIXED-LENGTH DATA ELEMENTS--GENERAL INFORMATION
fixed length control field 160319s9999 xx 000 0 und d
050 ## - LIBRARY OF CONGRESS CALL NUMBER
Classification number 780.92
050 ## - LIBRARY OF CONGRESS CALL NUMBER
Item number S187c 1976
100 ## - MAIN ENTRY--PERSONAL NAME
Personal name Samson, Helen F.
245 ## - TITLE STATEMENT
Title Contemporary Filipino composers :
245 ## - TITLE STATEMENT
Remainder of title biographical interviews /
245 ## - TITLE STATEMENT
Statement of responsibility, etc Helen T. Samson.
260 ## - PUBLICATION, DISTRIBUTION, ETC. (IMPRINT)
Place of publication, distribution, etc Quezon City :
260 ## - PUBLICATION, DISTRIBUTION, ETC. (IMPRINT)
Name of publisher, distributor, etc Manlapaz,
260 ## - PUBLICATION, DISTRIBUTION, ETC. (IMPRINT)
Date of publication, distribution, etc 1976
300 ## - PHYSICAL DESCRIPTION
Extent xi, 247 pages :
300 ## - PHYSICAL DESCRIPTION
Other physical details illustrations ;
650 ## - SUBJECT ADDED ENTRY--TOPICAL TERM
Topical term or geographic name as entry element Composers -- Philippines --
650 ## - SUBJECT ADDED ENTRY--TOPICAL TERM
General subdivision Biography.
Holdings
Withdrawn status Lost status Damaged status Home library Current library Shelving location Date acquired Total Checkouts Full call number Barcode Date last seen Price effective from Koha item type
      Stonyhurst Southville International School (Batangas) Stonyhurst Southville International School (Batangas) Filipiniana Section 03/19/2016   Fil 780.92 S187c 1976 US 1302 03/19/2016 03/19/2016 Books

Contemporary Filipino composers :

APA

Samson H. F., .Contemporary Filipino composers. Quezon City: .

Chicago

Samson Helen F, .Contemporary Filipino composers. Quezon City: .

Harvard

Samson H. F., .Contemporary Filipino composers. Quezon City: .

MLA

Samson Helen F, .Quezon City: . .

  • Place hold
  • Print
  • Cite
  • Add to your cart (remove)
  • Save record
    BIBTEX Dublin Core MARCXML MARC (non-Unicode/MARC-8) MARC (Unicode/UTF-8) MARC (Unicode/UTF-8, Standard) MODS (XML) RIS
  • More searches
    Search for this title in:
    Other Libraries (WorldCat) Other Databases (Google Scholar) Online Stores (Bookfinder.com) Open Library (openlibrary.org)

Exporting to Dublin Core...

SOUTHVILLE LIBRARY

Southville International School and Colleges Library

1281 Tropical Ave. Cor. Luxembourg St., BF Homes International, Las Pinas City

Tel. No. 8256374 / 252358 Loc. 117/146

Powered by Koha